Schlag den Star - Wer ist das? (4) - Statistiken

Allgemein
  • Dieses Quiz wurde 252 mal gespielt
  • Das Durchschnittsergebnis liegt bei 36 aus 100
Antwortstatistiken
Bildquiz Antwort % Korrekt
Cro
91%
Günther Jauch
90%
Ralf Schumacher
88%
Michelle Obama
85%
Emma Watson
83%
Anke Engelke
82%
Franz Beckenbauer
77%
Markus Rühl
76%
Julian Brandt
75%
Luke Mockridge
75%
Selena Gomez
75%
Justin Timberlake
70%
Charlie Sheen
69%
Papaplatte
69%
Philipp Amthor
69%
Apache 207
68%
Julian Draxler
68%
Nena
67%
Tom Holland
65%
Yakari
65%
Gerhard Schröder
64%
Roberto Blanco
63%
Andreas Gabalier
62%
Moritz Bleibtreu
62%
Olivia Jones
61%
Samu Haber
58%
Till Lindemann
58%
Karl Marx
56%
Nelson Müller
56%
Sadio Mané
54%
Laura Dahlmeier
52%
Jason Momoa
51%
Lutz van der Horst
51%
Dolores Umbridge
44%
Anne Hathaway
43%
Klaus Allofs
43%
Shawn Mendes
42%
Stefan Mross
40%
Terence Hill
40%
David Garrett
39%
Max Mutzke
39%
Flo Rida
36%
Mark Ruffalo
33%
William Shakespeare
33%
Fabius
32%
Frank Sinatra
31%
Iris Berben
31%
Lilo Wanders
30%
Marlene Dietrich
30%
Silvia Wollny
30%
Stefanie Kloß
30%
Timon Krause
30%
Chris Evans
28%
Judith Williams
28%
Klara Bühl
28%
Alexander Gerst
27%
Jana Wosnitza
27%
Lana Del Rey
27%
Adam Driver
26%
Anne Wünsche
26%
Lukas Rieger
25%
Ronan Keating
25%
Jochen Schropp
23%
Robert Marc Lehmann
22%
Viktoria Swarovski
22%
Anja Kling
21%
Enissa Amani
21%
Stephen King
21%
Franz Josef Strauß
20%
Ludwig XlV.
20%
Claus Hipp
17%
Lisa Müller
17%
Nina Dobrev
17%
René Weller
17%
Ostwind
15%
Jonas Vingegaard
14%
Ben Blümel
13%
Felicitas Woll
13%
Erich Kästner
12%
Angela
11%
Eva Brenner
11%
Elena Uhlig
10%
Timur Bartels
10%
Vivienne Westwood
10%
Bebe Rexha
9%
Max von Thun
9%
Peter Giesel
9%
Visa Vie
7%
Mia Goth
6%
Roderich Kiesewetter
6%
Michael Ende
4%
Pascal Ackermann
4%
Selma Blair
4%
Lauren Sánchez
2%
Natalie Wood
2%
Alan Jackson
1%
Cornelia Ritzke
1%
Jake Clark
1%
Matthias Riedl
1%
Wilhelm Hauff
1%
Keine übereinstimmenden Quizze gefunden
Verteilung der Resultate
Anzahl Personen mit jedem Resultat
Perzentil nach korrekt beantworteten Fragen
Ihre Resultats-Entwicklung
Sie haben dieses Quiz noch nicht gespielt